ბათუმის შოთა რუსთაველის სახელმწიფო უნივერსიტეტის ბიბლიოთეკა

Реферативный журнал.№2.2014 (ბიბ.ჩანაწერი № 42775)

000 -LEADER
fixed length control field 00531nam a2200157Ia 4500
001 - CONTROL NUMBER
control field 9481
003 - CONTROL NUMBER IDENTIFIER
control field GE_BSU
008 - FIXED-LENGTH DATA ELEMENTS--GENERAL INFORMATION
fixed length control field 181216s||||||||xx |||||||||||||| ||und||
040 ## - CATALOGING SOURCE
Transcribing agency GE_BSU
245 ## - TITLE STATEMENT
Title Реферативный журнал.№2.2014
245 ## - TITLE STATEMENT
Remainder of title Электронное издание Математический анализ
260 ## - PUBLICATION, DISTRIBUTION, ETC.
Place of publication, distribution, etc. Москва
260 ## - PUBLICATION, DISTRIBUTION, ETC.
Date of publication, distribution, etc. 2014
653 ## - INDEX TERM--UNCONTROLLED
Uncontrolled term Реферативный журнал. Электронное издание Математический анализ
942 ## - ADDED ENTRY ELEMENTS (KOHA)
Koha item type კომპიუტერის ფაილები
ეგზემპლარები
Withdrawn status Lost status Damaged status Not for loan Date acquired Barcode Date last seen Price effective from Koha item type
        2018-12-17 CD 76190 2018-12-17 2018-12-17 კომპიუტერის ფაილები